Nommez une commune Française A-Z - Finissant par chaque lettre de l'alphabet - Statistiques

Statistiques générales
  • Ce quiz a été pris 43 fois
  • Le résultat moyen est 109 sur 506
Statistiques - réponses
Commence par Contient # Possible Exemple Communes % Correct
P S 341 Paris
95%
M E 677 Marseille
89%
A S 411 Angers
86%
L N 393 Lyon
86%
A E 449 Aix-en-Provence
81%
B E 753 Bayonne
81%
N S 148 Nantes
81%
S I 19 Saint-Laurent-du-Maroni
81%
M S 596 Martigues
78%
V E 540 Villeurbanne
78%
B U 86 Bourgoin-Jallieu
76%
B X 107 Bordeaux
76%
C S 856 Colombes
76%
D N 88 Dijon
76%
L E 1472 Lille
76%
L S 750 Le Mans
76%
M T 341 Maisons-Alfort
76%
N T 60 Niort
76%
S N 624 Saint-Quentin
76%
S S 1169 Saint-Denis
76%
C N 385 Caen
73%
T E 247 Toulouse
73%
A N 208 Avignon
70%
B S 646 Béziers
70%
C Y 471 Cergy
70%
D E 185 Dunkerque
70%
N E 186 Nice
70%
N Y 64 Nancy
70%
R S 231 Rennes
70%
T S 236 Tours
70%
A Y 181 Annecy
68%
B T 375 Brest
68%
G E 271 Grenoble
68%
M N 348 Montauban
68%
S E 1485 Saint-Étienne
68%
A C 80 Aurillac
65%
C E 771 Courbevoie
65%
M R 140 Montpellier
65%
Q R 2 Quimper
62%
T L 40 Toul
62%
V S 440 Versailles
62%
A X 63 Artigues-près-Bordeaux
59%
B A 27 Bastia
59%
B N 313 Besançon
59%
B Y 283 Bobigny
59%
L Y 305 Le Grand-Quevilly
59%
P U 51 Pau
59%
S T 511 Saint-Priest
59%
Y Y 4 Yzernay
59%
L R 148 La Seyne-sur-Mer
57%
O S 113 Orléans
57%
P T 152 Pontault-Combault
57%
R N 110 Rouen
57%
U S 20 Uzès
57%
A O 10 Ajaccio
54%
B R 92 Boulogne-sur-Mer
54%
C X 159 Châteauroux
54%
D X 30 Dreux
54%
E Y 97 Épernay
54%
F Y 129 Firminy
54%
S G 25 Strasbourg
54%
S O 37 Saint-Malo
54%
S R 233 Saint-Laurent-du-Var
54%
A T 224 Anglet
51%
B G 31 Berre-l'Étang
51%
F E 273 Fort-de-France
51%
L T 360 Levallois-Perret
51%
M Y 311 Massy
51%
R E 278 Rezé
51%
S D 135 Saint-Chamond
51%
S L 238 Saint-Paul
51%
C T 349 Clamart
49%
E X 38 Évreux
49%
F S 324 Fréjus
49%
G S 247 Gennevilliers
49%
H S 107 Hyères
49%
T N 95 Toulon
49%
B C 133 Blagnac
46%
G P 9 Gap
46%
G X 35 Gex
46%
R Z 16 Rodez
46%
S X 200 Sceaux
46%
V N 218 Vaulx-en-Velin
46%
V Y 207 Vandœuvre-lès-Nancy
46%
C C 183 Cognac
43%
C U 78 Chatou
43%
D S 132 Dammarie-les-Lys
43%
E E 192 Épinay-sur-Seine
43%
I E 43 Ivry-sur-Seine
43%
M C 130 Mérignac
43%
M U 77 Mamoudzou
43%
M X 113 Meaux
43%
P C 110 Pessac
43%
P N 199 Perpignan
43%
P Y 202 Poissy
43%
R X 47 Roubaix
43%
S C 193 Saint-Brieuc
43%
S Z 46 Saint-Jean-de-Luz
43%
U R 8 Uhrwiller
43%
U Z 4 Ustaritz
43%
B Z 16 Biarritz
41%
C I 23 Choisy-le-Roi
41%
E S 234 Évry-Courcouronnes
41%
G Y 134 Gagny
41%
H E 168 Herblay-sur-Seine
41%
I S 34 Istres
41%
L C 143 La Baule-Escoublac
41%
Q E 23 Quimperlé
41%
R I 6 Rocroi
41%
S Y 406 Saint-Étienne-du-Rouvray
41%
U L 9 Ussel
41%
F N 92 Frontignan
38%
F X 42 Foix
38%
G R 31 Guebwiller
38%
I N 13 Illkirch-Graffenstaden
38%
J E 72 Juvisy-sur-Orge
38%
L L 138 Le Blanc-Mesnil
38%
L X 142 Les Mureaux
38%
M L 132 Montreuil
38%
N A 10 Nouméa
38%
O T 42 Orvault
38%
T G 6 Tourcoing
38%
V R 71 Villemandeur
38%
V X 84 Vénissieux
38%
D I 3 Douai
35%
E L 30 Épinal
35%
E T 69 Ermont
35%
G N 124 Gradignan
35%
H R 32 Hérouville-Saint-Clair
35%
I U 5 Issou
35%
J C 22 Juvignac
35%
L G 33 Lallaing
35%
M Z 32 Metz
35%
O E 114 Oullins-Pierre-Bénite
35%
P X 90 Puteaux
35%
R M 18 Riom
35%
S U 90 Saint-Leu
35%
U E 25 Urrugne
35%
V L 88 Villiers-le-Bel
35%
A H 13 Auch
32%
C L 100 Créteil
32%
C R 95 Colmar
32%
J S 82 Joué-lès-Tours
32%
N L 37 Noisiel
32%
N N 67 Noyon
32%
P E 367 Pontoise
32%
R Y 119 Remire-Montjoly
32%
V T 208 Villeneuve-sur-Lot
32%
A U 35 Apatou
30%
B O 15 Borgo
30%
C D 63 Clermont-Ferrand
30%
D Y 76 Drancy
30%
E U 10 Eu
30%
F C 34 Floirac
30%
F H 6 Forbach
30%
G T 134 Guyancourt
30%
M D 69 Montbéliard
30%
O Y 55 Orly
30%
P O 27 Porto-Vecchio
30%
R T 142 Rambouillet
30%
S M 40 Schiltigheim
30%
W L 13 Wasquehal
30%
W S 33 Wattrelos
30%
A I 7 Albi
27%
A L 53 Argenteuil
27%
C G 20 Châlette-sur-Loing
27%
C M 6 Condom
27%
G D 21 Gaillard
27%
H N 64 Halluin
27%
I X 7 Issy-les-Moulineaux
27%
K U 3 Koungou
27%
M A 32 Macouria
27%
N C 36 Noisy-le-Sec
27%
V Q 11 Villeneuve-d'Ascq
27%
W Y 13 Woippy
27%
Z A 6 Zonza
27%
B L 124 Bailleul
24%
C A 46 Claira
24%
E N 75 Erstein
24%
G C 60 Gaillac
24%
H M 22 Hem
24%
H T 114 Hénin-Beaumont
24%
H U 11 Haguenau
24%
J Y 48 Joigny
24%
O O 9 Opio
24%
R R 37 Rive-de-Gier
24%
V C 71 Villers-le-Lac
24%
Y E 20 Yzeure
24%
Y S 8 Yerres
24%
A A 20 Acoua
22%
A R 44 Argelès-sur-Mer
22%
D Z 5 Douarnenez
22%
F G 13 Foug
22%
F I 3 Furiani
22%
L A 34 Lucciana
22%
L U 117 Les Pennes-Mirabeau
22%
O U 11 Orée d'Anjou
22%
P R 54 Plaisir
22%
S A 39 Sada
22%
T C 60 Trignac
22%
T O 10 Theix-Noyalo
22%
V U 41 Vertou
22%
X Y 4 Xertigny
22%
Y X 5 Yssingeaux
22%
B K 4 Berck
19%
C F 15 Caudebec-lès-Elbeuf
19%
D D 9 Dinard
19%
E M 13 Ensisheim
19%
F R 23 Fos-sur-Mer
19%
I Y 28 Igny
19%
J X 10 Jujurieux
19%
M Q 16 Magescq
19%
O N 61 Oraison
19%
P I 9 Pamandzi
19%
P L 65 Panazol
19%
T X 45 Tinqueux
19%
T Y 134 Taverny
19%
V F 15 Villejuif
19%
D C 30 Druelle Balsac
16%
E C 21 Ergué-Gabéric
16%
F M 9 Fegersheim
16%
J N 20 Jurançon
16%
L H 19 La Teste-de-Buch
16%
L M 26 Lingolsheim
16%
L Q 17 Le Pecq
16%
M M 27 Molsheim
16%
M O 16 Moorea-Maiao
16%
N D 10 Noisy-le-Grand
16%
O M 11 Ouistreham
16%
P A 43 Punaauia
16%
Q S 21 Quint-Fonsegrives
16%
R L 42 Revel
16%
S H 36 Saint-Joseph
16%
Y C 3 Yffiniac
16%
Z E 6 Zutkerque
16%
D O 2 Dabo
14%
D T 81 Domont
14%
E F 7 Elbeuf
14%
F P 2 Fécamp
14%
G M 13 Geispolsheim
14%
H C 10 Herbignac
14%
H K 1 Hazebrouck
14%
H X 15 Heyrieux
14%
J F 2 Jœuf
14%
J T 33 Joinville-le-Pont
14%
K M 13 Kingersheim
14%
L D 80 La Celle-Saint-Cloud
14%
L Z 30 La Chapelle-des-Fougeretz
14%
N U 14 Nogent-le-Rotrou
14%
O R 19 Octeville-sur-Mer
14%
O X 21 Oyonnax
14%
Q N 13 Quéven
14%
Q Y 16 Quetigny
14%
R C 47 Rognac
14%
R Q 4 Roncq
14%
S F 26 Saint-Aubin-lès-Elbeuf
14%
S P 20 Sathonay-Camp
14%
T U 36 Tignieu-Jameyzieu
14%
U N 8 Uzein
14%
B D 66 Baud
11%
B F 26 Baillif
11%
D A 2 Dumbéa
11%
D U 16 Décines-Charpieu
11%
E R 22 Eschentzwiller
11%
F L 37 Faches-Thumesnil
11%
G U 18 Gouesnou
11%
J B 1 Job
11%
L O 17 Le Bono
11%
M F 18 Malakoff
11%
M I 15 Marly-le-Roi
11%
N X 20 Nanteuil-lès-Meaux
11%
O Z 7 Orthez
11%
P H 10 Plaisance-du-Touch
11%
Q C 12 Quissac
11%
Q T 14 Quincy-sous-Sénart
11%
R G 23 Richebourg
11%
W E 23 Wasselonne
11%
W G 9 Wissembourg
11%
W M 24 Wittenheim
11%
W R 13 Woustviller
11%
W T 14 Wormhout
11%
X N 2 Xanton-Chassenon
11%
Y T 5 Yvetot
11%
B H 21 Brumath
8%
B I 15 Bouéni
8%
B M 41 Bischheim
8%
C Z 21 Castelnau-le-Lez
8%
D M 15 Drusenheim
8%
F A 9 Faaa
8%
F T 94 Fouesnant
8%
F U 28 Fontainebleau
8%
G H 10 Gouesnach
8%
I M 7 Ingersheim
8%
K S 6 Kembs
8%
M K 2 Marck
8%
N O 2 Nogaro
8%
N R 26 Nieul-sur-Mer
8%
O A 14 Ouvéa
8%
O C 8 Orbec
8%
P F 8 Pont-Scorff
8%
P Q 7 Pont-à-Marcq
8%
R U 26 Rives-du-Loir-en-Anjou
8%
S Q 17 Saint-Jean-de-Marsacq
8%
T M 9 Truchtersheim
8%
T R 24 Tergnier
8%
T T 104 Taiarapu-Est
8%
U C 4 Ussac
8%
U U 7 Ua-Pou
8%
U Y 11 Uxegney
8%
V D 34 Ville-la-Grand
8%
W X 3 Wimereux
8%
X R 1 Xonrupt-Longemer
8%
A M 9 Achenheim
5%
A Q 6 Audruicq
5%
C Q 12 Cucq
5%
D L 25 Draveil
5%
E A 5 Espéraza
5%
E G 14 Epfig
5%
G A 8 Ghisonaccia
5%
G L 37 Guidel
5%
G Z 8 Granges-Narboz
5%
H H 10 Hulluch
5%
I C 9 Iffendic
5%
J R 7 Jouy-le-Moutier
5%
L I 14 Le Grau-du-Roi
5%
M G 17 Mutzig
5%
N I 6 Noisy-le-Roi
5%
N M 6 Niederschaeffolsheim
5%
O L 20 Orgeval
5%
P G 11 Petit-Bourg
5%
Q D 1 Quend
5%
Q X 4 Quincieux
5%
R F 5 Roscoff
5%
U M 5 Ungersheim
5%
U X 3 Unieux
5%
V O 13 Villeneuve-de-la-Raho
5%
V Z 18 Villeneuve-en-Retz
5%
W N 27 Wavrin
5%
W Q 2 Warcq
5%
X E 3 Xouaxange
5%
X L 2 Xermaménil
5%
X S 5 Xaintrailles
5%
Y N 8 Yvré-le-Pôlin
5%
Y Q 1 Yoncq
5%
Z M 4 Zillisheim
5%
Z N 1 Zoufftgen
5%
A D 19 Anse-Bertrand
3%
A F 6 Altorf
3%
A G 7 Alsting
3%
A P 2 Autichamp
3%
A Z 6 Agnetz
3%
B Q 11 Bénéjacq
3%
C H 9 Crach
3%
C O 17 Cires-lès-Mello
3%
D G 9 Diebling
3%
D P 4 Drap
3%
E P 2 Erp
3%
F F 7 Freistroff
3%
F K 2 Fameck
3%
G F 9 Grosbliederstroff
3%
G G 14 Grand-Bourg
3%
G I 4 Grand-Santi
3%
G O 10 Guémené-Penfao
3%
H O 2 Hao
3%
H Q 2 Habarcq
3%
H Y 47 Hersin-Coupigny
3%
I A 1 Isola
3%
I H 3 Illzach
3%
I R 8 Ingwiller
3%
I T 21 Inzinzac-Lochrist
3%
J H 2 Jugeals-Nazareth
3%
J L 9 Jouy-le-Châtel
3%
J U 8 Jacou
3%
K C 3 Kervignac
3%
K E 9 Koné
3%
K G 4 Kuntzig
3%
K I 1 Kani-Kéli
3%
K K 2 Kerling-lès-Sierck
3%
K L 2 Keskastel
3%
K N 10 Kaala-Gomen
3%
L B 4 Lignan-sur-Orb
3%
L P 16 La Colle-sur-Loup
3%
L W 1 Lauw
3%
N H 8 Neuf-Brisach
3%
N P 2 Neuvy-Grandchamp
3%
O D 3 Ostwald
3%
O I 4 Obernai
3%
O P 1 Ordiarp
3%
P M 9 Plobsheim
3%
Q U 5 Quettehou
3%
R A 14 Rangiroa
3%
R D 18 Rochefort-du-Gard
3%
R H 7 Rouffach
3%
R K 3 Rodemack
3%
S K 5 Steenwerck
3%
T A 17 Teva I Uta
3%
T D 14 Thorigné-Fouillard
3%
T F 4 Tresbœuf
3%
T I 5 Tsingoni
3%
T P 3 Tourrettes-sur-Loup
3%
U A 5 Uturoa
3%
U T 7 Urcuit
3%
V A 15 Vinça
3%
V G 16 Verneuil-l'Étang
3%
V I 5 Villeneuve-le-Roi
3%
V M 8 Vendenheim
3%
V P 3 Vercel-Villedieu-le-Camp
3%
W D 5 Wervicq-Sud
3%
Y Z 1 Yutz
3%
Z L 1 Zegerscappel
3%
B P 6 Beauchamp
0%
C B 3 Caromb
0%
C K 2 Cappelle-Brouck
0%
C P 11 Chanteloup
0%
D F 4 Distroff
0%
D H 5 Durrenbach
0%
D Q 3 Donzacq
0%
D R 18 Dompierre-sur-Mer
0%
E D 5 Essigny-le-Grand
0%
E H 6 Eschbach
0%
E I 1 Écorcei
0%
E O 2 Escaro
0%
E Q 2 Esquelbecq
0%
E Z 3 Étuz
0%
F D 12 Frouard
0%
F O 6 Farino
0%
F Q 1 Frencq
0%
F Z 2 Foufflin-Ricametz
0%
G K 1 Goetzenbruck
0%
G Q 3 Gaujacq
0%
H A 3 Hitiaa O Te Ra
0%
H D 11 Houtaud
0%
H F 6 Henridorff
0%
H G 19 Hornaing
0%
H L 18 Huriel
0%
H P 2 Héloup
0%
H Z 4 Huez
0%
I D 4 Illoud
0%
I G 3 Ippling
0%
I I 1 Irai
0%
I L 8 Iteuil
0%
I O 2 Iracoubo
0%
I Z 2 Île-de-Batz
0%
J D 3 Jumilhac-le-Grand
0%
J M 1 Jebsheim
0%
J Q 2 Juillac-le-Coq
0%
J Z 3 Jungholtz
0%
K A 1 Kouaoua
0%
K D 2 Kertzfeld
0%
K F 2 Kergloff
0%
K H 6 Kerbach
0%
K R 7 Kœnigsmacker
0%
K T 5 Kilstett
0%
K Z 1 Kerlaz
0%
L F 13 Lolif
0%
M H 18 Montech
0%
M P 9 Mailly-le-Camp
0%
N F 3 Neufchef
0%
N G 7 Nostang
0%
N Q 2 Neuvicq
0%
N Z 5 Névez
0%
O F 3 Offendorf
0%
O G 4 Onnaing
0%
O H 7 Oberhaslach
0%
O K 2 Oberbruck
0%
O Q 1 Ozenx-Montestrucq
0%
P D 24 Plélan-le-Grand
0%
P P 3 Plescop
0%
P Z 12 Prades-le-Lez
0%
Q A 2 Quenza
0%
Q F 1 Quittebeuf
0%
Q G 1 Quérénaing
0%
Q L 2 Quintal
0%
Q M 1 Quatzenheim
0%
Q O 1 Quercitello
0%
R O 6 Ronno
0%
R P 4 Ronchamp
0%
S B 1 Saint-Coulomb
0%
T H 8 Tourch
0%
T Q 2 Tarsacq
0%
T Z 4 Thyez
0%
U D 2 Uchaud
0%
U H 1 Uzech
0%
U I 1 Ucciani
0%
V H 4 Voh
0%
W A 1 Wavrans-sur-l'Aa
0%
W C 1 Wasnes-au-Bac
0%
W F 3 Wittersdorf
0%
W H 9 Weitbruch
0%
W P 1 Wailly-Beaucamp
0%
W U 1 Wimmenau
0%
W Z 1 Wambez
0%
X T 4 Xirocourt
0%
Y D 1 Yvrac-et-Malleyrand
0%
Y F 1 Yquebeuf
0%
Y H 1 Yvrench
0%
Y L 1 Yonval
0%
Y R 2 Yvignac-la-Tour
0%
Z G 5 Zetting
0%
Z H 1 Zimmerbach
0%
Z I 1 Zuani
0%
Z O 2 Zicavo
0%
Z R 3 Zellwiller
0%
Z S 2 Zudausques
0%
Z T 1 Zincourt
0%
Z X 1 Zoteux
0%
Aucun quiz correspondant
Distribution des résultats
% des personnes avec chaque résultat
Percentile par nombre de réponses
Votre historique - résultats
Vous n’avez pas pris ce quiz